Археологические культуры Севера Европейской части СССР : (Record no. 336941)
[ view plain ]
| 000 -LEADER | |
|---|---|
| fixed length control field | 00963nam a2200205 a 4500 |
| 001 - CONTROL NUMBER | |
| control field | 001024547 |
| 003 - CONTROL NUMBER IDENTIFIER | |
| control field | AM-YeHGA |
| 005 - DATE AND TIME OF LATEST TRANSACTION | |
| control field | 20250617150726.0 |
| 008 - FIXED-LENGTH DATA ELEMENTS--GENERAL INFORMATION | |
| fixed length control field | 140612s1974 ||| r 000 0 rus d |
| 040 ## - CATALOGING SOURCE | |
| Original cataloging agency | AM-YeHGA |
| 041 0# - LANGUAGE CODE | |
| Language code of text/sound track or separate title | rus |
| 090 ## - LOCALLY ASSIGNED LC-TYPE CALL NUMBER (OCLC); LOCAL CALL NUMBER (RLIN) | |
| -- | 338720 |
| 100 1# - MAIN ENTRY--PERSONAL NAME | |
| Personal name | Буров, Григорий Михайлович |
| 245 10 - TITLE STATEMENT | |
| Title | Археологические культуры Севера Европейской части СССР : |
| Remainder of title | (Северодвинский край) : Учебное пособие для студентов-историков / |
| Statement of responsibility, etc. | Г.М. Буров; Отв. ред. В.В. Казюхин; Ульянов. гос. пед. ин-т. |
| 260 ## - PUBLICATION, DISTRIBUTION, ETC. | |
| Place of publication, distribution, etc. | Ульяновск : |
| Name of publisher, distributor, etc. | Б. и., |
| Date of publication, distribution, etc. | 1974. |
| 300 ## - PHYSICAL DESCRIPTION | |
| Extent | 120 с. |
| 650 14 - SUBJECT ADDED ENTRY--TOPICAL TERM | |
| Topical term or geographic name entry element | Археология - Северо-Восток СССР |
| 653 0# - INDEX TERM--UNCONTROLLED | |
| Uncontrolled term | Северо-Восток СССР -Археологические культуры |
| 700 1# - ADDED ENTRY--PERSONAL NAME | |
| Personal name | Казюхин, В.В. |
| Relator term | ред. |
| Relationship | edt |
| Withdrawn status | Lost status | Source of classification or shelving scheme | Damaged status | Not for loan | Collection | Home library | Current library | Date acquired | Total checkouts | Full call number | Barcode | Date last seen | Price effective from | Koha item type | Public note |
|---|---|---|---|---|---|---|---|---|---|---|---|---|---|---|---|
| Universal Decimal Classification | General | Fundamental Scientific Library | Fundamental Scientific Library | 09/01/2017 | PII/349637 | FL0297779 | 09/01/2017 | 09/01/2017 | Գրքեր / Books | 30 Days Loan |
ՀՀ Գիտությունների ազգային ակադեմիայի հիմնարար գիտական գրադարան = Fundamental Scientific Library of NAS RA
All site content, except where otherwise noted, is licensed under a